Weighted composition operators acting from the Lipschitz space to the space of bounded functions on a tree

We study the weighted composition operators between the Lipschitz space and the space of bounded functions on the set of vertices of an infinite tree. We characterize the boundedness, the compactness, and the boundedness from below of weighted composition operators. We also determine the isometric w...

Teljes leírás

Elmentve itt :
Bibliográfiai részletek
Szerző: Hosokawa Takuya
Dokumentumtípus: Cikk
Megjelent: Bolyai Institute, University of Szeged Szeged 2020
Sorozat:Acta scientiarum mathematicarum
Kulcsszavak:Matematika
Tárgyszavak:
doi:10.14232/actasm-019-522-6

Online Access:http://acta.bibl.u-szeged.hu/69369
LEADER 01175nab a2200229 i 4500
001 acta69369
005 20260218141134.0
008 200727s2020 hu o 000 eng d
022 |a 2064-8316 
024 7 |a 10.14232/actasm-019-522-6  |2 doi 
040 |a SZTE Egyetemi Kiadványok Repozitórium  |b hun 
041 |a eng 
100 1 |a Hosokawa Takuya 
245 1 0 |a Weighted composition operators acting from the Lipschitz space to the space of bounded functions on a tree  |h [elektronikus dokumentum] /  |c  Hosokawa Takuya 
260 |a Bolyai Institute, University of Szeged  |b Szeged  |c 2020 
300 |a 209-224 
490 0 |a Acta scientiarum mathematicarum 
520 3 |a We study the weighted composition operators between the Lipschitz space and the space of bounded functions on the set of vertices of an infinite tree. We characterize the boundedness, the compactness, and the boundedness from below of weighted composition operators. We also determine the isometric weighted composition operators. 
650 4 |a Természettudományok 
650 4 |a Matematika 
695 |a Matematika 
856 4 0 |u http://acta.bibl.u-szeged.hu/69369/1/math_086_numb_001-002_209-224.pdf  |z Dokumentum-elérés